Game of Thrones: Where Are They From? - Statistics

General Stats
  • This quiz has been taken 57 times
  • The average score is 24 of 35
Answer Stats
Hint Answer % Correct
Snow The North
96%
Stark The North
94%
Greyjoy The Iron Islands
91%
Karstark The North
91%
Bolton The North
91%
Sand Dorne
89%
Martell Dorne
89%
Mormont The North
89%
Storm The Stormlands
89%
Rivers The Riverlands
87%
Umber The North
85%
Arryn The Vale
85%
Tyrell The Reach
83%
Lannister The Westerlands
81%
Flowers The Reach
79%
Baratheon The Stormlands
79%
Tully The Riverlands
74%
Targaryen The Crownlands
72%
Frey The Riverlands
68%
Baelish The Vale
68%
Velaryon The Crownlands
66%
Tarly The Reach
66%
Hightower The Reach
62%
Blackwood The Riverlands
60%
Dayne Dorne
57%
Redwyne The Reach
55%
Bracken The Riverlands
55%
Tarth The Stormlands
51%
Stone The Vale
51%
Reyne The Westerlands
47%
Hill The Westerlands
40%
Waters The Crownlands
38%
Dondarrion The Stormlands
36%
Selmy The Stormlands
36%
Harlaw The Iron Islands
30%
No matching quizzes found
Score Distribution
Percent of People with Each Score
Percentile by Number Answered
Your Score History
You have not taken this quiz